000 00797cam a2200253 4500
001 ABS68479
008 041122n2004 000 0 eng u
035 _a(Sirsi) u128070
100 _aAbram, M.
245 _aOrganic crops
260 _c2004
490 _aFarmers' Weekly
_v141(18) 29 October 2004, 56-59(4)
520 _aSeries of short articles on the future of growing organic food including marketing, schemes, the use of genetically modified crops in organics and tips on growing organics crops.
590 _aABS
590 _aABS
650 _aORGANIC FOOD
650 _aFARMING INDUSTRY
650 _aORGANIC FARMING
650 _aGENETICALLY MODIFIED CROPS
690 _aRURAL-AGRICULTURE AND FORESTRY
700 _aLong, E.
700 _aHalford, N.
942 _n0
999 _c118347
_d118347